000 01281cam a2200313 i 4500
001 18447039
005 20230322171146.0
008 150113t20152015enka b 001 0 eng
010 _a 2015001070
020 _a9781118502099 (pbk. : alk. paper)
040 _aDLC
_beng
_cDLC
_erda
_dDLC
042 _apcc
050 0 0 _aQB981
_b.L567 2015
082 0 0 _a523.1
_223
_bLID
100 1 _aLiddle, Andrew R.
_9111185
245 1 3 _aAn introduction to modern cosmology /
_cAndrew Liddle, Institute for Astronomy, University of Edinburgh, Abbreviate to 'UK'.
250 _aThird edition.
264 1 _aChichester, West Sussex :
_bJohn Wiley and Sons, Inc.,
_c2015.
300 _axv, 182 pages :
_billustrations ;
_c24 cm
336 _atext
_2rdacontent
337 _aunmediated
_2rdamedia
338 _avolume
_2rdacarrier
504 _aIncludes bibliographical references and index.
650 0 _aCosmology.
776 0 8 _iOnline version:
_aLiddle, Andrew R.
_tIntroduction to modern cosmology
_bThird edition.
_dChichester, West Sussex : John Wiley and Sons, Inc., 2015
_z9781118690277
_w(DLC) 2015001688
906 _a7
_bcbc
_corignew
_d1
_eecip
_f20
_gy-gencatlg
942 _2ddc
_cBK
999 _c594149
_d594149